=LDR 00000nam 2200000 4500 =001 INLIS000000000036418 =005 20130612142216 =008 ***********************************Ind** =035 ##$$a0010-061300000036418 =041 ##$$a Ind =082 ##$$a 641.865 4 =090 ##$$a 641.865 4, Suc p =100 ##$$a Suchan, Lanny =245 ##$$a Puding karakter, Lanny Socchan ; editor, Intarina Hardiman =260 ##$$a 2011 $b Jakarta =300 ##$$a 38 hlm, ilus, 25 cm =650 ##$$a Kue (puding) =850 ##$$a NBPNMAT =990 ##$$a 21400613/BPAP-NTB/20142014